Statistics for All Movies Made By Studio Ghibli

Click here to take the quiz!

General Stats

  • This quiz has been taken 61 times
  • The average score is 15 of 21

Answer Stats

YearAnswer% Correct
2001Spirited Away
95%
2004Howl's Moving Castle
93%
2008Ponyo
93%
1997Princess Mononoke
93%
1988My Neighbor Totoro
88%
2002The Cat Returns
84%
2013The Wind Rises
82%
1992Porco Rosso
80%
2014When Marnie Was There
79%
1986Castle in the Sky
77%
1989Kiki's Delivery Service
75%
1995Whisper of the Heart
75%
1988Grave of the Fireflies
73%
2011From Up on Poppy Hill
71%
1994Pom Poko
68%
2010Arrietty
61%
1991Only Yesterday
59%
1999My Neighbors the Yamadas
54%
2006Tales from Earths
52%
1984Nausicaä of the Valley of the Wind
50%
2013The Tale of the Princess Kaguya
41%

Score Distribution

Percentile by Number Answered

Percent of People with Each Score

Your Score History

You have not taken this quiz